Cathode-ray tubes / (Record no. 182448)
[ view plain ]
| 000 -LEADER | |
|---|---|
| fixed length control field | 00982 a2200169 4500 |
| 003 - CONTROL NUMBER IDENTIFIER | |
| control field | Nust |
| 005 - DATE AND TIME OF LATEST TRANSACTION | |
| control field | 20221206095607.0 |
| 040 ## - CATALOGING SOURCE | |
| Transcribing agency | Nust |
| 082 ## - DEWEY DECIMAL CLASSIFICATION NUMBER | |
| Classification number | 621.381542,DEV |
| 100 ## - MAIN ENTRY--PERSONAL NAME | |
| Personal name | DeVere, Chuck |
| 9 (RLIN) | 104180 |
| 245 ## - TITLE STATEMENT | |
| Title | Cathode-ray tubes / |
| Statement of responsibility, etc. | Chuck DeVere |
| 260 ## - PUBLICATION, DISTRIBUTION, ETC. | |
| Place of publication, distribution, etc. | New York |
| Name of publisher, distributor, etc. | Tektronix |
| Date of publication, distribution, etc. | 1970 |
| 300 ## - PHYSICAL DESCRIPTION | |
| Extent | 100 p. |
| 505 ## - FORMATTED CONTENTS NOTE | |
| Formatted contents note | Introduction (Page-1), Electron Optics (Page-3), The Triode Section (Page-9), Unblanking (Page-17), Focus and Astigmatism Lens (Page-25), The Deflection System (Page-27), Acceleration Schemes (Page-47), Space Charge Repulsion Effect and Trace Width (Page-55), Phosphors (Page-61), Human Eye Response (Page-63), Luminance Characteristics of Phosphors (Page-67), Spectral Response (Page-71), Writing Speed (Page-73), Phosphors Burning (Page-77), Aluminized Tubes (Page-79), Light Filters (Page-81), Graticules (Page-83), Trace Alignment (Page-87), Dual Beam (Page-89), Dual Gun (Page-91). |
| 650 ## - SUBJECT ADDED ENTRY--TOPICAL TERM | |
| Topical term or geographic name entry element | Telecommunication Engineering. |
| 942 ## - ADDED ENTRY ELEMENTS (KOHA) | |
| Source of classification or shelving scheme | |
| Koha item type | Book |
| Withdrawn status | Lost status | Source of classification or shelving scheme | Damaged status | Not for loan | Permanent Location | Current Location | Shelving location | Date acquired | Full call number | Barcode | Date last seen | Price effective from | Koha item type | Public note |
|---|---|---|---|---|---|---|---|---|---|---|---|---|---|---|
| Military College of Signals (MCS) | Military College of Signals (MCS) | General Stacks | 12/12/2016 | 621.381542,DEV | MCS22035 | 12/08/2016 | 12/12/2016 | Book | Almirah No.34, Shelf No.5 |
